[Event "Staffordshire Centenary"]
[Site "Walsall"]
[Date "1997.03.31"]
[Round "4"]
[White "Grinsell, Lee A"]
[Black "Sindik, Ervin"]
[Result "0-1"]
[WhiteElo "2205"]
[BlackElo "2325"]
[PlyCount "68"]
[EventDate "1997.03.28"]
[EventType "schev"]
[EventRounds "9"]
[EventCountry "ENG"]
[SourceTitle "BritBase"]
[Source "John Saunders"]
[SourceDate "2023.12.16"]
[SourceVersion "1"]
[SourceVersionDate "2023.12.16"]
[SourceQuality "1"]

1. e4 c5 2. Nf3 d6 3. d4 cxd4 4. Nxd4 Nf6 5. Nc3 a6 6. f4 Qc7 7. Bd3 Nbd7 8. a4
g6 9. Nf3 Bg7 10. O-O b6 11. Qe2 Bb7 12. Be3 O-O 13. Rae1 Nc5 14. Bd2 e6 15. b4
Nxd3 16. cxd3 Qd7 17. Rb1 Rfc8 18. Rfc1 Rc7 19. b5 axb5 20. Rxb5 Rxa4 21. Rxb6
Ra6 22. Rb3 Qc8 23. Rcb1 Nd7 24. Nb5 Rc2 25. Nxd6 Qc5+ 26. Kh1 Qxd6 27. Rxb7
Bc3 28. Rxd7 Qxd7 29. Bxc3 Rxc3 30. Ne5 Qd4 31. h3 Rca3 32. Rb8+ Kg7 33. Qc2
Ra1+ 34. Kh2 Qe3 0-1

[Event "Staffordshire Centenary"]
[Site "Walsall"]
[Date "1997.03.31"]
[Round "4"]
[White "Hunt, Harriet V"]
[Black "Dunnington, Angus J"]
[Result "0-1"]
[WhiteElo "2330"]
[BlackElo "2445"]
[PlyCount "204"]
[EventDate "1997.03.28"]
[EventType "schev"]
[EventRounds "9"]
[EventCountry "ENG"]
[SourceTitle "BritBase"]
[Source "John Saunders"]
[SourceDate "2023.12.16"]
[SourceVersion "1"]
[SourceVersionDate "2023.12.16"]
[SourceQuality "1"]

1. e4 g6 2. d4 d6 3. Nc3 c6 4. Be3 Bg7 5. Qd2 Nd7 6. Nf3 e5 7. Be2 Ngf6 8. Bh6
Bxh6 9. Qxh6 Qe7 10. O-O Ng4 11. Qd2 O-O 12. h3 Ngf6 13. Rad1 Re8 14. Rfe1 b6
15. d5 c5 16. a4 a6 17. Qh6 Rb8 18. Nd2 Rf8 19. g4 Ne8 20. Bd3 Kh8 21. Re3 Rg8
22. g5 Ng7 23. Be2 f5 24. gxf6 Nxf6 25. Kh2 Rf8 26. Rg1 Ng8 27. Qg5 Rxf2+ 28.
Kh1 Qxg5 29. Rxg5 Rf6 30. Rgg3 Ne8 31. Kg2 Ne7 32. Ref3 Kg7 33. b3 Nc7 34. Rxf6
Kxf6 35. Nc4 Ne8 36. Ne3 Nc7 37. Nc4 Ne8 38. Ne3 Kg7 39. h4 Nc7 40. Nc4 Ne8 41.
Ne3 Ng8 42. h5 Kf7 43. hxg6+ hxg6 44. Ng4 Nc7 45. Nd1 b5 46. axb5 axb5 47. Nde3
Ra8 48. Rf3+ Kg7 49. Bd3 Bd7 50. Rf1 Ne8 51. Nf2 Ngf6 52. Be2 Ra2 53. Kf3 Nh5
54. Nd3 Nef6 55. Rg1 Ra8 56. Nd1 Ra2 57. Ne3 Ra8 58. Nd1 Ra3 59. Nc3 Ra7 60.
Nf2 Ra5 61. Rb1 Nf4 62. Bf1 g5 63. Ne2 g4+ 64. Ke3 N4h5 65. Nh1 Kh6 66. Nhg3
Kg5 67. Bg2 Ra2 68. Rc1 Nf4 69. Bh1 N6h5 70. Nxh5 Nxh5 71. Nc3 Ra8 72. Bg2 Nf4
73. Bf1 b4 74. Ne2 Rf8 75. Ra1 Kh4 76. Ra7 Rf7 77. Ra8 Nxd5+ 78. exd5 Rxf1 79.
Rh8+ Kg5 80. Rg8+ Kh6 81. Rd8 Bb5 82. c4 bxc3 83. Nxc3 Rf3+ 84. Kd2 Bf1 85.
Rxd6+ Kh5 86. Rd8 g3 87. Rh8+ Kg6 88. Rg8+ Kf7 89. Rg5 g2 90. Ne4 Rd3+ 91. Kc2
Rxd5 92. Kc3 Rd3+ 93. Kc2 Rd8 94. Nf2 Rg8 95. Rxg8 Kxg8 96. Nh3 Kg7 97. Kd2 Kf6
98. Ke3 Kf5 99. Ng1 Kg4 100. Kf2 Kf4 101. Nh3+ Ke4 102. Ng1 Kd3 {... etc} 0-1

[Event "Staffordshire Centenary"]
[Site "Walsall"]
[Date "1997.03.31"]
[Round "4"]
[White "Lalic, Bogdan"]
[Black "Rowson, Jonathan"]
[Result "1-0"]
[WhiteElo "2585"]
[BlackElo "2445"]
[PlyCount "73"]
[EventDate "1997.03.28"]
[EventType "schev"]
[EventRounds "9"]
[EventCountry "ENG"]
[SourceTitle "BritBase"]
[Source "John Saunders"]
[SourceDate "2023.12.16"]
[SourceVersion "1"]
[SourceVersionDate "2023.12.16"]
[SourceQuality "1"]

1. d4 Nf6 2. Nf3 g6 3. c4 Bg7 4. Nc3 d5 5. Qb3 dxc4 6. Qxc4 O-O 7. e4 a6 8. Be2
b5 9. Qb3 c5 10. dxc5 Nc6 11. O-O b4 12. Na4 Nxe4 13. Be3 Bb7 14. Nb6 Ra7 15.
Rad1 Qc7 16. Qc4 Nf6 17. Qh4 a5 18. Bf4 e5 19. Bg5 Ne7 20. Bxf6 Nf5 21. Qc4
Bxf6 22. Nd7 Qc6 23. Qb5 Qxb5 24. Bxb5 Bxf3 25. gxf3 Be7 26. Nxf8 Kxf8 27. Rd5
Nd4 28. c6 Rc7 29. Ba4 b3 30. a3 Bg5 31. Kg2 Bf4 32. Rxa5 h5 33. Rd1 g5 34. Rd5
Ke7 35. Rd7+ Rxd7 36. cxd7 Kd8 37. Rd3 1-0

[Event "Staffordshire Centenary"]
[Site "Walsall"]
[Date "1997.03.31"]
[Round "4"]
[White "Motwani, Paul"]
[Black "Bellin, Jana"]
[Result "1-0"]
[WhiteElo "2490"]
[BlackElo "2180"]
[PlyCount "73"]
[EventDate "1997.03.28"]
[EventType "schev"]
[EventRounds "9"]
[EventCountry "ENG"]
[SourceTitle "BritBase"]
[Source "John Saunders"]
[SourceDate "2023.12.16"]
[SourceVersion "1"]
[SourceVersionDate "2023.12.16"]
[SourceQuality "1"]

1. e4 c5 2. Nf3 e6 3. Nc3 a6 4. g3 Nc6 5. Bg2 d6 6. d4 cxd4 7. Nxd4 Qc7 8. Be3
Nf6 9. O-O Na5 10. h3 Nc4 11. Bc1 Be7 12. b3 Na5 13. Bb2 Bd7 14. f4 Nc6 15. Nf3
O-O 16. Qe2 Rac8 17. Kh2 Rfd8 18. e5 dxe5 19. fxe5 Ne8 20. Ne4 h6 21. Qf2 f5
22. exf6 Nxf6 23. Nxf6+ Bxf6 24. Bxf6 gxf6 25. Rae1 Rf8 26. Re4 Ne7 27. c4 e5
28. Rh4 Kg7 29. Qd2 Rh8 30. Re4 Rcd8 31. Qb2 Bf5 32. Nxe5 fxe5 33. Rxe5 Kg6 34.
Qe2 Rd2 35. Re6+ Bxe6 36. Qxe6+ Kg7 37. Qf7# 1-0

[Event "Staffordshire Centenary"]
[Site "Walsall"]
[Date "1997.03.31"]
[Round "4"]
[White "Quinn, Mark"]
[Black "Arakhamia-Grant, Ketevan"]
[Result "1/2-1/2"]
[WhiteElo "2355"]
[BlackElo "2490"]
[PlyCount "94"]
[EventDate "1997.03.28"]
[EventType "schev"]
[EventRounds "9"]
[EventCountry "ENG"]
[SourceTitle "BritBase"]
[Source "John Saunders"]
[SourceDate "2023.12.16"]
[SourceVersion "1"]
[SourceVersionDate "2023.12.16"]
[SourceQuality "1"]

1. d4 Nf6 2. Nf3 g6 3. c3 Bg7 4. Bg5 O-O 5. Nbd2 d5 6. e3 Nbd7 7. Be2 Re8 8.
O-O e5 9. b4 e4 10. Ne1 h6 11. Bh4 Nf8 12. c4 g5 13. Bg3 Ng6 14. Rc1 Re7 15. b5
g4 16. cxd5 h5 17. d6 cxd6 18. Nc4 Ne8 19. d5 h4 20. Bf4 Nxf4 21. exf4 f5 22.
Nc2 Rf7 23. Qd2 Bd7 24. Rb1 Qf6 25. Rb3 Bh6 26. Rd1 Rh7 27. Na5 b6 28. Nc6 Ng7
29. g3 Ne8 30. Ne3 Bf8 31. Ra3 Bc8 32. Ra4 Qh6 33. Nf1 Nf6 34. Qe3 Rc7 35. Qb3
Nd7 36. Qe3 Nc5 37. Rb4 Bd7 38. Rc1 Re8 39. Bc4 Kh8 40. Nd2 Bc8 41. Be2 Rh7 42.
Nf1 Qh5 43. Rbb1 Qf7 44. Rc2 Bg7 45. Bc4 Bf6 46. Nd2 Qg7 47. Nb8 Qf7 1/2-1/2

[Event "Staffordshire Centenary"]
[Site "Walsall"]
[Date "1997.03.31"]
[Round "4"]
[White "Richardson, John R"]
[Black "Bellin, Robert"]
[Result "0-1"]
[WhiteElo "2360"]
[BlackElo "2400"]
[PlyCount "88"]
[EventDate "1997.03.28"]
[EventType "schev"]
[EventRounds "9"]
[EventCountry "ENG"]
[SourceTitle "BritBase"]
[Source "John Saunders"]
[SourceDate "2023.12.16"]
[SourceVersion "1"]
[SourceVersionDate "2023.12.16"]
[SourceQuality "1"]

1. d4 e6 2. c4 f5 3. g3 Nf6 4. Bg2 Bb4+ 5. Bd2 Be7 6. Nh3 d6 7. Bc3 c6 8. Nd2
O-O 9. O-O d5 10. b3 Na6 11. Nf4 Nc7 12. Nf3 Ne4 13. Bb2 Ne8 14. Ne5 N8f6 15.
f3 Nd6 16. e3 Qe8 17. Qe2 Bd7 18. Rae1 Rd8 19. c5 Nf7 20. Nxf7 Rxf7 21. e4 dxe4
22. fxe4 e5 23. Nd3 exd4 24. e5 Ne4 25. Bxe4 fxe4 26. Qxe4 Rxf1+ 27. Rxf1 Be6
28. b4 Bg5 29. Bc1 Bxc1 30. Nxc1 Qh5 31. Nd3 Bd5 32. Qxd4 Qe2 33. Nf4 Qxf1+ 34.
Kxf1 Bg2+ 35. Kxg2 Rxd4 36. a3 Re4 37. e6 g5 38. Kf3 Re5 39. Ne2 Rxe6 40. Nd4
Re5 41. g4 Kf7 42. Nf5 Ke6 43. Nd6 b6 44. Nc4 bxc5 0-1

[Event "Staffordshire Centenary"]
[Site "Walsall"]
[Date "1997.04.01"]
[Round "5"]
[White "Anderton, David William"]
[Black "Lalic, Bogdan"]
[Result "0-1"]
[WhiteElo "2200"]
[BlackElo "2585"]
[PlyCount "68"]
[EventDate "1997.03.28"]
[EventType "schev"]
[EventRounds "9"]
[EventCountry "ENG"]
[SourceTitle "BritBase"]
[Source "John Saunders"]
[SourceDate "2023.12.16"]
[SourceVersion "1"]
[SourceVersionDate "2023.12.16"]
[SourceQuality "1"]

1. d4 Nf6 2. c4 e6 3. Nc3 Bb4 4. e3 c5 5. Bd3 d5 6. Nge2 O-O 7. O-O cxd4 8.
exd4 dxc4 9. Bxc4 Bd6 10. h3 Nbd7 11. Bg5 Nb6 12. Bb3 Be7 13. Qd3 Bd7 14. Bc2
g6 15. Bh6 Re8 16. Bb3 Bc6 17. Rad1 Nbd5 18. Rfe1 Qd6 19. Qd2 Bf8 20. Bg5 Bg7
21. Ng3 Qf8 22. Nge4 Nxe4 23. Nxe4 f6 24. Bf4 Rad8 25. Nc5 e5 26. Be3 Kh8 27.
Qc1 e4 28. Ba4 Bxa4 29. Nxa4 f5 30. g3 h6 31. h4 Kh7 32. Qc5 Qf7 33. Nc3 f4 34.
Nxd5 Rxd5 0-1

[Event "Staffordshire Centenary"]
[Site "Walsall"]
[Date "1997.04.01"]
[Round "5"]
[White "Arakhamia-Grant, Ketevan"]
[Black "Richardson, John R"]
[Result "1-0"]
[WhiteElo "2490"]
[BlackElo "2360"]
[PlyCount "85"]
[EventDate "1997.03.28"]
[EventType "schev"]
[EventRounds "9"]
[EventCountry "ENG"]
[SourceTitle "BritBase"]
[Source "John Saunders"]
[SourceDate "2023.12.16"]
[SourceVersion "1"]
[SourceVersionDate "2023.12.16"]
[SourceQuality "1"]

1. e4 c6 2. d4 d5 3. Nd2 dxe4 4. Nxe4 Nd7 5. Nf3 Ngf6 6. Neg5 e6 7. Bd3 Bd6 8.
Qe2 h6 9. Ne4 Nxe4 10. Qxe4 Nf6 11. Qe2 Qc7 12. Bd2 b6 13. O-O-O Bb7 14. Ne5 c5
15. Bb5+ Ke7 16. dxc5 Qxc5 17. f4 Rhd8 18. Rhf1 Rac8 19. Bc3 Qc7 20. f5 Bxe5
21. Bxe5 Qc5 22. fxe6 fxe6 23. Bd3 Bd5 24. Rf4 Bxa2 25. Ra4 Bd5 26. b4 Qc6 27.
Rxa7+ Rd7 28. Ra3 Bc4 29. Bxc4 Qxc4 30. Qxc4 Rxd1+ 31. Kxd1 Rxc4 32. Ra7+ Nd7
33. Bxg7 h5 34. c3 Rg4 35. Bd4 Kd6 36. g3 h4 37. Bf2 hxg3 38. Bxg3+ Ne5 39. Ra2
Rg5 40. Re2 Kd5 41. Bxe5 Rxe5 42. Rxe5+ Kxe5 43. Ke2 1-0

[Event "Staffordshire Centenary"]
[Site "Walsall"]
[Date "1997.04.01"]
[Round "5"]
[White "Bellin, Jana"]
[Black "Kelly, Brian R"]
[Result "1-0"]
[WhiteElo "2180"]
[BlackElo "2400"]
[PlyCount "85"]
[EventDate "1997.03.28"]
[EventType "schev"]
[EventRounds "9"]
[EventCountry "ENG"]
[SourceTitle "BritBase"]
[Source "John Saunders"]
[SourceDate "2023.12.16"]
[SourceVersion "1"]
[SourceVersionDate "2023.12.16"]
[SourceQuality "1"]

1. d4 d5 2. c4 e6 3. Nc3 c6 4. e4 dxe4 5. Nxe4 Bb4+ 6. Bd2 Qxd4 7. Bxb4 Qxe4+
8. Be2 Ne7 9. Nf3 Nd5 10. Nd2 Qd4 11. Ba3 Nf4 12. O-O Nd7 13. Bf3 Ne5 14. Be4
f5 15. Re1 c5 16. Nf3 Qxd1 17. Raxd1 Nxc4 18. Bxc5 fxe4 19. Rxe4 Nxb2 20. Rd2
Nfd3 21. Ba3 b6 22. Ng5 Rb8 23. Nxe6 Kf7 24. Ng5+ Kg6 25. Nf3 Bf5 26. Nh4+ Kf6
27. Be7+ Kf7 28. Nxf5 g6 29. Nd6+ Kg7 30. Bg5 h6 31. Re7+ Kg8 32. Bf6 Rh7 33.
Rxh7 Kxh7 34. Bxb2 Nxb2 35. Rxb2 Rd8 36. Rd2 Kg8 37. Ne4 Rc8 38. g3 Rc1+ 39.
Kg2 Re1 40. Nf6+ Kf7 41. Ng4 h5 42. Ne3 Ke6 43. h4 1-0

[Event "Staffordshire Centenary"]
[Site "Walsall"]
[Date "1997.04.01"]
[Round "5"]
[White "Bellin, Robert"]
[Black "Motwani, Paul"]
[Result "1/2-1/2"]
[WhiteElo "2400"]
[BlackElo "2490"]
[PlyCount "40"]
[EventDate "1997.03.28"]
[EventType "schev"]
[EventRounds "9"]
[EventCountry "ENG"]
[SourceTitle "BritBase"]
[Source "John Saunders"]
[SourceDate "2023.12.16"]
[SourceVersion "1"]
[SourceVersionDate "2023.12.16"]
[SourceQuality "1"]

1. e4 e5 2. Nf3 Nc6 3. Bb5 a6 4. Ba4 Nf6 5. O-O Nxe4 6. d4 b5 7. Bb3 d5 8. dxe5
Be6 9. a4 b4 10. a5 Nc5 11. Bg5 Qd7 12. Nbd2 h6 13. Bh4 Be7 14. Bxe7 Qxe7 15.
c3 bxc3 16. bxc3 O-O 17. Re1 Nxb3 18. Nxb3 Rab8 19. Nbd4 Na7 20. Nxe6 fxe6
1/2-1/2

[Event "Staffordshire Centenary"]
[Site "Walsall"]
[Date "1997.04.01"]
[Round "5"]
[White "Buckley, Graeme N"]
[Black "Quinn, Mark"]
[Result "0-1"]
[WhiteElo "2320"]
[BlackElo "2355"]
[PlyCount "150"]
[EventDate "1997.03.28"]
[EventType "schev"]
[EventRounds "9"]
[EventCountry "ENG"]
[SourceTitle "BritBase"]
[Source "John Saunders"]
[SourceDate "2023.12.16"]
[SourceVersion "1"]
[SourceVersionDate "2023.12.16"]
[SourceQuality "1"]

1. d4 d5 2. c4 e6 3. Nf3 Nf6 4. Nc3 Bb4 5. e3 O-O 6. Bd3 dxc4 7. Bxc4 c5 8. O-O
Nbd7 9. a3 Bxc3 10. bxc3 b6 11. Re1 Qc7 12. Ba2 Bb7 13. Bb2 Rad8 14. Qe2 e5 15.
Rad1 h6 16. Nh4 e4 17. f4 cxd4 18. cxd4 Bd5 19. Bxd5 Nxd5 20. Rc1 Qb7 21. Nf5
N7f6 22. g4 Qd7 23. h3 Rfe8 24. Rc2 Rc8 25. Rec1 h5 26. Kg2 Rxc2 27. Rxc2 hxg4
28. hxg4 Nxg4 29. Qxg4 Qxf5 30. Qxf5 Nxe3+ 31. Kf2 Nxf5 32. Rc7 e3+ 33. Ke2
Ng3+ 34. Ke1 Re4 35. Rc3 Kf8 36. d5 Rxf4 37. Rxe3 Re4 38. Kf2 Rxe3 39. Kxe3 Ke7
40. Be5 Nh5 41. Bb8 a6 42. Bc7 Nf6 43. Kd4 Nd7 44. Ke4 g6 45. Kf4 f6 46. Ke4 b5
47. Kd4 f5 48. Kc3 Nf6 49. Kd4 Kd7 50. Ba5 f4 51. Be1 Ng4 52. Ke4 Ne3 53. Bb4
g5 54. Bf8 a5 55. Bh6 Nxd5 56. Bxg5 Kc6 57. Kd4 f3 58. Bh4 Nb6 59. Be1 a4 60.
Ke3 Nc4+ 61. Kxf3 Nxa3 62. Ke4 Kc5 63. Kd3 b4 64. Bh4 Nc4 65. Be7+ Kb5 66. Kc2
Nb6 67. Bf8 Kc4 68. Kb2 Nd5 69. Bg7 Nc3 70. Bf8 a3+ 71. Ka1 Nb5 72. Ka2 b3+ 73.
Ka1 b2+ 74. Ka2 Nc3+ 75. Kxa3 b1=Q 0-1

[Event "Staffordshire Centenary"]
[Site "Walsall"]
[Date "1997.04.01"]
[Round "5"]
[White "Grant, Jonathan"]
[Black "Grinsell, Lee A"]
[Result "1-0"]
[WhiteElo "2275"]
[BlackElo "2205"]
[PlyCount "81"]
[EventDate "1997.03.28"]
[EventType "schev"]
[EventRounds "9"]
[EventCountry "ENG"]
[SourceTitle "BritBase"]
[Source "John Saunders"]
[SourceDate "2023.12.16"]
[SourceVersion "1"]
[SourceVersionDate "2023.12.16"]
[SourceQuality "1"]

1. c4 Nf6 2. Nc3 c5 3. g3 Nc6 4. Bg2 g6 5. e4 d6 6. Nge2 e5 7. O-O Bg7 8. d3
O-O 9. a3 Be6 10. Nd5 Qd7 11. Bg5 Ne8 12. Rb1 h6 13. Bd2 Nd4 14. Nxd4 cxd4 15.
f4 Bg4 16. Qb3 Kh7 17. f5 gxf5 18. exf5 f6 19. h3 Bh5 20. Rbe1 Rb8 21. a4 Nc7
22. Nxc7 Qxc7 23. Qc2 Bf7 24. Qd1 Rh8 25. b4 Kg8 26. Qe2 h5 27. a5 Bh6 28. Rc1
Bxd2 29. Qxd2 Kg7 30. c5 Rhc8 31. g4 hxg4 32. hxg4 dxc5 33. Rxc5 Qe7 34. g5
Rxc5 35. bxc5 Rd8 36. gxf6+ Qxf6 37. Bxb7 Rg8 38. Rf2 Kf8+ 39. Kf1 Qh4 40. Rh2
Qg3 41. Qh6+ 1-0

[Event "Staffordshire Centenary"]
[Site "Walsall"]
[Date "1997.04.01"]
[Round "5"]
[White "Rowson, Jonathan"]
[Black "Cooper, Lawrence"]
[Result "1-0"]
[WhiteElo "2445"]
[BlackElo "2365"]
[PlyCount "85"]
[EventDate "1997.03.28"]
[EventType "schev"]
[EventRounds "9"]
[EventCountry "ENG"]
[SourceTitle "BritBase"]
[Source "John Saunders"]
[SourceDate "2023.12.16"]
[SourceVersion "1"]
[SourceVersionDate "2023.12.16"]
[SourceQuality "1"]

1. c4 b6 2. d4 e6 3. Nc3 Bb7 4. a3 f5 5. d5 Nf6 6. g3 g6 7. Nf3 exd5 8. cxd5
Bg7 9. Rb1 O-O 10. Bg2 a5 11. O-O Na6 12. b4 axb4 13. axb4 c5 14. dxc6 dxc6 15.
Nd4 Qd7 16. Qb3+ Kh8 17. Ne6 Rfe8 18. Nxg7 Kxg7 19. Na4 Qe6 20. Nxb6 Qxb3 21.
Rxb3 Rad8 22. Nc4 Rxe2 23. Na5 Ba8 24. Nxc6 Rde8 25. b5 Nc5 26. Re3 Rc2 27. Nb4
Bxg2 28. Nxc2 Bxf1 29. Kxf1 Rxe3 30. Bxe3 Nb7 31. Ke2 Kf7 32. Kd3 Ke6 33. Kc4
Nd6+ 34. Kc5 Nd7+ 35. Kc6 Ne5+ 36. Kb6 Nd7+ 37. Ka6 Kd5 38. Na3 h5 39. h4 Nf8
40. b6 Kc6 41. Nc2 Ne6 42. Nb4+ Kd7 43. Nd5 1-0

[Event "Staffordshire Centenary"]
[Site "Walsall"]
[Date "1997.04.02"]
[Round "6"]
[White "Arkell, Keith C"]
[Black "Sindik, Ervin"]
[Result "1/2-1/2"]
[WhiteElo "2545"]
[BlackElo "2325"]
[PlyCount "151"]
[EventDate "1997.03.28"]
[EventType "schev"]
[EventRounds "9"]
[EventCountry "ENG"]
[SourceTitle "BritBase"]
[Source "John Saunders"]
[SourceDate "2023.12.16"]
[SourceVersion "1"]
[SourceVersionDate "2023.12.16"]
[SourceQuality "1"]

1. Nf3 Nf6 2. c4 c5 3. Nc3 g6 4. e4 d6 5. d4 cxd4 6. Nxd4 Bg7 7. Be2 O-O 8. Be3
Nc6 9. O-O Bd7 10. Qd2 Ng4 11. Bxg4 Bxg4 12. f3 Bd7 13. Rac1 Rc8 14. b3 Qa5 15.
Rfd1 Nxd4 16. Bxd4 Bxd4+ 17. Qxd4 Be6 18. Qf2 Qc5 19. Nd5 Bxd5 20. Rxd5 Qxf2+
21. Kxf2 Rc7 22. Rcd1 f6 23. g4 Kf7 24. h4 h6 25. f4 Rfc8 26. h5 Rc5 27. hxg6+
Kxg6 28. Kf3 R8c7 29. f5+ Kg7 30. Ke3 Rxd5 31. exd5 Rc8 32. Kf4 a6 33. Rc1 Kf7
34. Rh1 Rh8 35. Ke4 Ke8 36. b4 b6 37. Kd4 Rg8 38. Rh4 Kd7 39. a3 Kc7 40. c5
bxc5+ 41. bxc5 dxc5+ 42. Kxc5 Rb8 43. Rxh6 Rb5+ 44. Kc4 Ra5 45. Rh3 Kd6 46. Rb3
Rc5+ 47. Kd4 Rxd5+ 48. Ke4 Re5+ 49. Kf4 Ra5 50. Rd3+ Rd5 51. Re3 Kd7 52. Re4
Ra5 53. a4 Rc5 54. Rd4+ Kc6 55. Re4 Kd7 56. Kg3 a5 57. Kh4 Rc1 58. Rd4+ Kc6 59.
Re4 Kd7 60. Rd4+ Kc6 61. Kh5 Rb1 62. g5 fxg5 63. Re4 Kd7 64. Re5 g4 65. Kh4 e6
66. Rxe6 g3 67. Kxg3 Rb4 68. Re5 Rxa4 69. f6 Rb4 70. Re7+ Kd6 71. Re8 Rb7 72.
Kg4 Kc5 73. Re7 Rb8 74. Ra7 Kb4 75. f7 Rf8 76. Kf5 1/2-1/2

[Event "Staffordshire Centenary"]
[Site "Walsall"]
[Date "1997.04.02"]
[Round "6"]
[White "Cooper, Lawrence"]
[Black "Anderton, David William"]
[Result "1-0"]
[WhiteElo "2365"]
[BlackElo "2200"]
[PlyCount "103"]
[EventDate "1997.03.28"]
[EventType "schev"]
[EventRounds "9"]
[EventCountry "ENG"]
[SourceTitle "BritBase"]
[Source "John Saunders"]
[SourceDate "2023.12.16"]
[SourceVersion "1"]
[SourceVersionDate "2023.12.16"]
[SourceQuality "1"]

1. e4 e6 2. d4 d5 3. Nd2 Nf6 4. e5 Nfd7 5. f4 c5 6. c3 Nc6 7. Ndf3 cxd4 8. cxd4
Qb6 9. h4 Bb4+ 10. Kf2 Be7 11. g3 f6 12. Kg2 f5 13. h5 Nf8 14. Ne2 Bd7 15. Nc3
O-O-O 16. b3 g6 17. h6 g5 18. Na4 Qc7 19. Nxg5 Bxg5 20. fxg5 Ng6 21. Bf4 Kb8
22. Rc1 Rc8 23. Nc5 Qd8 24. Qd2 Ka8 25. Be2 Qe7 26. b4 Rhg8 27. b5 Ncxe5 28.
Nxd7 Nxd7 29. Rxc8+ Rxc8 30. Rc1 Qd8 31. Bh5 Ndf8 32. Rc2 Rc4 33. Be2 Rxc2 34.
Qxc2 Nd7 35. Bh5 e5 36. Bxg6 exf4 37. Bxf5 Qxg5 38. Bxd7 Qxg3+ 39. Kf1 Qf3+ 40.
Kg1 Qe3+ 41. Qf2 Qc1+ 42. Kg2 f3+ 43. Qxf3 Qxh6 44. Qxd5 a6 45. bxa6 Qxa6 46.
Bg4 Qg6 47. Qf5 Qh6 48. Bf3 Qd2+ 49. Kh3 Qh6+ 50. Kg4 Qg7+ 51. Kh5 Ka7 52. Qa5+
1-0

[Event "Staffordshire Centenary"]
[Site "Walsall"]
[Date "1997.04.02"]
[Round "6"]
[White "Grinsell, Lee A"]
[Black "Bellin, Jana"]
[Result "1/2-1/2"]
[WhiteElo "2205"]
[BlackElo "2180"]
[PlyCount "59"]
[EventDate "1997.03.28"]
[EventType "schev"]
[EventRounds "9"]
[EventCountry "ENG"]
[SourceTitle "BritBase"]
[Source "John Saunders"]
[SourceDate "2023.12.16"]
[SourceVersion "1"]
[SourceVersionDate "2023.12.16"]
[SourceQuality "1"]

1. e4 c5 2. Nf3 e6 3. d4 cxd4 4. Nxd4 a6 5. Bd3 Nf6 6. O-O Qc7 7. Nd2 d6 8. a4
Nbd7 9. Re1 g6 10. c3 Bg7 11. Qe2 O-O 12. f4 e5 13. fxe5 dxe5 14. Nc2 Nc5 15.
Nb4 Bg4 16. Nf3 Rad8 17. Bg5 Be6 18. Bc4 Ncxe4 19. Bxe6 Qb6+ 20. Qe3 Qxe6 21.
Bxf6 Nxf6 22. Qxe5 Qb3 23. Qe2 Rfe8 24. Qc2 Qc4 25. Rxe8+ Rxe8 26. Qd3 Qb3 27.
Qc2 Qc4 28. Qd3 Qb3 29. Qc2 Qc4 30. Qd3 1/2-1/2

[Event "Staffordshire Centenary"]
[Site "Walsall"]
[Date "1997.04.02"]
[Round "6"]
[White "Hunt, Harriet V"]
[Black "Grant, Jonathan"]
[Result "1-0"]
[WhiteElo "2330"]
[BlackElo "2275"]
[PlyCount "129"]
[EventDate "1997.03.28"]
[EventType "schev"]
[EventRounds "9"]
[EventCountry "ENG"]
[SourceTitle "BritBase"]
[Source "John Saunders"]
[SourceDate "2023.12.16"]
[SourceVersion "1"]
[SourceVersionDate "2023.12.16"]
[SourceQuality "1"]

1. e4 c6 2. d4 d5 3. exd5 cxd5 4. c4 Nf6 5. Nc3 e6 6. Nf3 Bb4 7. Bd3 dxc4 8.
Bxc4 O-O 9. O-O b6 10. Bg5 Bb7 11. Rc1 h6 12. Bh4 Nc6 13. a3 Be7 14. Qd3 Nd5
15. Bxd5 Bxh4 16. Ba2 Bf6 17. Rfd1 Rc8 18. Bb1 g6 19. Qe3 Kg7 20. Ne5 Ne7 21.
Ng4 Bg5 22. f4 Nd5 23. Qe5+ Bf6 24. Nxf6 Qxf6 25. g3 Ne7 26. Nb5 Rxc1 27. Rxc1
Nc6 28. Qxf6+ Kxf6 29. Kf2 Rd8 30. Ke3 a6 31. Nc3 Nxd4 32. Na4 Nf5+ 33. Bxf5
gxf5 34. Nxb6 Be4 35. Nc4 Rd3+ 36. Ke2 Rb3 37. Rc3 Rb7 38. b3 h5 39. Ke3 Bd5
40. Nd2 Rb8 41. h4 e5 42. Rd3 Ke6 43. fxe5 Kxe5 44. b4 a5 45. bxa5 Ra8 46. a4
Rxa5 47. Ra3 f4+ 48. gxf4+ Kf5 49. Ra1 Bc6 50. Rg1 Kf6 51. Rg5 Rxg5 52. fxg5+
Kf5 53. a5 Kg4 54. Nc4 Kf5 55. Nd6+ Ke6 56. Ne4 Ke5 57. Ng3 f6 58. g6 Ke6 59.
Nxh5 f5 60. a6 Ke7 61. Kf4 Kf8 62. a7 Kg8 63. Kxf5 Ba8 64. Nf6+ Kg7 65. Kg5 1-0

[Event "Staffordshire Centenary"]
[Site "Walsall"]
[Date "1997.04.02"]
[Round "6"]
[White "Kelly, Brian R"]
[Black "Bellin, Robert"]
[Result "1/2-1/2"]
[WhiteElo "2400"]
[BlackElo "2400"]
[PlyCount "68"]
[EventDate "1997.03.28"]
[EventType "schev"]
[EventRounds "9"]
[EventCountry "ENG"]
[SourceTitle "BritBase"]
[Source "John Saunders"]
[SourceDate "2023.12.16"]
[SourceVersion "1"]
[SourceVersionDate "2023.12.16"]
[SourceQuality "1"]

1. Nf3 e6 2. c4 f5 3. g3 Nf6 4. Bg2 Be7 5. O-O O-O 6. d4 c6 7. b3 a5 8. Nc3 d5
9. Bb2 Ne4 10. e3 Nxc3 11. Bxc3 b5 12. Ne5 Ba6 13. Re1 Bf6 14. cxb5 cxb5 15.
Qd2 b4 16. Bb2 Ra7 17. Rec1 Rc7 18. Nd3 Nd7 19. Nf4 Rxc1+ 20. Rxc1 Qb6 21. h4
Be7 22. Rc2 Rc8 23. Rxc8+ Bxc8 24. Qc2 Bb7 25. Bf1 Nf6 26. Kg2 Kf7 27. Be2 g6
28. Nd3 Nd7 29. Kf1 Ke8 30. Ne5 Nxe5 31. dxe5 Qc6 32. Qxc6+ Bxc6 33. Bd4 a4 34.
Ke1 a3 1/2-1/2

[Event "Staffordshire Centenary"]
[Site "Walsall"]
[Date "1997.04.02"]
[Round "6"]
[White "Lalic, Bogdan"]
[Black "Dunnington, Angus J"]
[Result "1/2-1/2"]
[WhiteElo "2585"]
[BlackElo "2445"]
[PlyCount "53"]
[EventDate "1997.03.28"]
[EventType "schev"]
[EventRounds "9"]
[EventCountry "ENG"]
[SourceTitle "BritBase"]
[Source "John Saunders"]
[SourceDate "2023.12.16"]
[SourceVersion "1"]
[SourceVersionDate "2023.12.16"]
[SourceQuality "1"]

1. e4 c5 2. Nf3 g6 3. d4 Bg7 4. d5 Nf6 5. Nc3 O-O 6. Be2 d6 7. O-O e6 8. Nd2
exd5 9. exd5 Nbd7 10. a4 Nb6 11. Bf3 Bd7 12. a5 Nc8 13. Nc4 Rb8 14. Rb1 Ne8 15.
Bd2 b5 16. axb6 axb6 17. b4 Na7 18. bxc5 bxc5 19. Rxb8 Qxb8 20. Qb1 Nb5 21.
Nxb5 Qxb5 22. Qa2 Qa4 23. Qxa4 Bxa4 24. Rc1 Bb5 25. Nb6 Nc7 26. Bf4 Rd8 27. c4
1/2-1/2